Lehrbuch der politischen Arithmetik
Guardado en:
| Formato: | Libro |
|---|---|
| Lenguaje: | alemán |
| Publicado: |
Wien
Braumüller
1875
|
| Etiquetas: |
Sin Etiquetas, Sea el primero en etiquetar este registro!
|
MARC
| LEADER | 00000nam a2200000 4500 | ||
|---|---|---|---|
| 001 | 0307124 | ||
| 005 | 20250218132900.9 | ||
| 041 | 0 | |a ger | |
| 044 | |a AT | ||
| 245 | 1 | 0 | |a Lehrbuch der politischen Arithmetik |c Josef Haberl |
| 264 | 1 | |a Wien |b Braumüller |c 1875 | |